Catálogo
 En Linea

Resguardo / (Registro nro. 60836)

Detalles MARC
000 -CABECERA
campo de control de longitud fija 02346nam a2200289 i 4500
003 - IDENTIFICADOR DEL NÚMERO DE CONTROL
campo de control DO-SdBNP
005 - FECHA Y HORA DE LA ÚLTIMA TRANSACCIÓN
campo de control 20260529120319.0
007 - CAMPO FIJO DE DESCRIPCIÓN FÍSICA--INFORMACIÓN GENERAL
campo de control de longitud fija ta
008 - DATOS DE LONGITUD FIJA--INFORMACIÓN GENERAL
campo de control de longitud fija 260528e2025 dr ||||gr|||||||1 1|spa d
020 ## - NÚMERO INTERNACIONAL ESTÁNDAR DEL LIBRO
Número Internacional Estándar del Libro 9789945518993.
040 ## - FUENTE DE LA CATALOGACIÓN
Centro catalogador/agencia de origen DO-SdBNP
Lengua de catalogación spa
Centro/agencia transcriptor BNPHU
Normas de descripción rda
041 ## - CÓDIGO DE LENGUA
Código de lengua del texto/banda sonora o título independiente spa
082 ## - NÚMERO DE LA CLASIFICACIÓN DECIMAL DEWEY
Número de documento/Ítem M385r 2025
Número de edición 22
100 ## - ENTRADA PRINCIPAL--NOMBRE DE PERSONA
Nombre de persona Martínez, Escarlin
Término indicativo de función/relación autor
9 (RLIN) 89794
245 ## - MENCIÓN DE TÍTULO
Título Resguardo /
Mención de responsabilidad, etc. Escarlin Martínez.
264 ## - PRODUCCIÓN, PUBLICACIÓN, DISTRIBUCIÓN, FABRICACIÓN Y COPYRIGHT
Producción, publicación, distribución, fabricación y copyright Santo Domingo, República Dominicana :
Nombre del de productor, editor, distribuidor, fabricante Escarlin Martínez,
Fecha de producción, publicación, distribución, fabricación o copyright 2025.
300 ## - DESCRIPCIÓN FÍSICA
Extensión 136 páginas ;
Dimensiones 21 cm.
336 ## - TIPO DE CONTENIDO
Término de tipo de contenido texto
Código de tipo de contenido txt
Fuente rdacontent
337 ## - TIPO DE MEDIO
Nombre/término del tipo de medio sin mediación
Código del tipo de medio n
Fuente rdamedia
338 ## - TIPO DE SOPORTE
Nombre/término del tipo de soporte volumen
Código del tipo de soporte nc
Fuente rdacarrier
500 ## - NOTA GENERAL
Nota general Incluye Biografía del autor en la solapa.
520 ## - SUMARIO, ETC.
Sumario, etc. Literatura: ficción y aventuras. Suspenso.<br/>El bajo retumba en el pecho de Gabriel como un segundo latido, insistente y pesado. Se ajusta el cuello de la chaqueta de cuero, sintiendo el peso del arma oculta presionando contra sus costillas. El club nocturno se arremolina con cuerpos, perfume y desesperación, el terreno de caza perfecto tanto para los cazadores como para los cazados. A su lado, Ralph asiente con la cabeza hacia la barra, sus ojos ya escudriñando a la multitud con practicada indiferencia. —Dos whiskys —le dice Gabriel al camarero, su voz lo suficientemente áspera para captar la atención del hombre por encima de la música. El camarero, joven, con mangas de tatuajes que se arremolinan en ambos brazos, asiente brevemente. Gabriel apoya los codos en el mostrador pegajoso, adoptando la postura de un hombre que no tiene un lugar mejor donde estar. A sus treinta y seis años, es mayor que la mayoría de los clientes, pero su cuerpo, mantenido gracias a la devoción religiosa al gimnasio, garantiza que no parezca fuera de lugar. Sus ojos se deslizan de un rostro a otro, catalogando detalles con precisión mecánica. —¿Ves algo? —pregunta Ralph, aceptando su bebida con un gesto de la cabeza. Gabriel toma un largo sorbo, agradeciendo el ardor. —Todavía no. La paciencia nunca fue tu punto fuerte. Ralph resopla. —Por eso nos emparejaron. Te estás volviendo viejo y cauteloso; yo mantengo las cosas interesantes.
590 ## - NOTA LOCAL (RLIN)
Nota local Inventariado, 2026/WG.
650 #0 - PUNTO DE ACCESO ADICIONAL DE MATERIA--TÉRMINO DE MATERIA
Término de materia o nombre geográfico como elemento de entrada Literatura dominicana
9 (RLIN) 67
650 #0 - PUNTO DE ACCESO ADICIONAL DE MATERIA--TÉRMINO DE MATERIA
Término de materia o nombre geográfico como elemento de entrada Ciencia ficción
9 (RLIN) 39976
Subdivisión geográfica República Dominicana
942 ## - ELEMENTOS DE PUNTO DE ACCESO ADICIONAL (KOHA)
Fuente del sistema de clasificación o colocación Dewey Decimal Classification
Tipo de ítem Koha Libro
Existencias
Estado de retiro Estado de pérdida Fuente del sistema de clasificación o colocación Restricciones de uso No para préstamo Código de colección Localización permanente Ubicación/localización actual Ubicación en estantería Fecha de adquisición Total de préstamos Signatura topográfica completa Código de barras Fecha visto por última vez Precio válido a partir de Tipo de ítem Koha Número de copia
    Dewey Decimal Classification Excluido de préstamo   Patrimonio Dominicano Biblioteca Nacional Pedro Henríquez Ureña Biblioteca Nacional Pedro Henríquez Ureña En catalogación 28.05.2026   M385r 2025 2026-4650 28.05.2026 28.05.2026 Libro  
    Dewey Decimal Classification Excluido de préstamo   Patrimonio Dominicano Biblioteca Nacional Pedro Henríquez Ureña Biblioteca Nacional Pedro Henríquez Ureña En catalogación 28.05.2026   M385r 2025 2026-4651 28.05.2026 28.05.2026 Libro e.2
    Dewey Decimal Classification Excluido de préstamo   Patrimonio Dominicano Biblioteca Nacional Pedro Henríquez Ureña Biblioteca Nacional Pedro Henríquez Ureña En catalogación 28.05.2026   M385r 2025 2026-4652 28.05.2026 28.05.2026 Libro e.3

Con tecnología Koha